000 00396nam a2200145Ia 4500
005 20240618015934.0
008 240331s9999 xx 000 0 und d
082 _bGAN
_a891.48
100 _aGanesalingan, S
245 0 _aKillakkum metkum
_cS. Ganeshalingan
260 _aChennai
_bKumaran Publishers
_c2006
300 _a223 p.,
500 _aA Social Novel in Tamil ( East and West)
942 _cL
999 _c3924
_d3924